| 000 | 00439nam a22001817a 4500 | ||
|---|---|---|---|
| 003 | OSt | ||
| 005 | 20260330114748.0 | ||
| 008 | 260324b |||||||| |||| 00| 0 eng d | ||
| 020 | _a9780190124137 | ||
| 040 | _cBGL | ||
| 100 | _aDutta Kiran | ||
| 245 | _aBrand Management : Principles and Practices | ||
| 250 | _a2nd | ||
| 260 |
_aNew Delhi _bOxford University Press _c2022 |
||
| 300 | _a460p | ||
| 650 | _aCommerce | ||
| 942 |
_2ddc _cGB |
||
| 999 |
_c44335 _d44335 |
||